| 000 | 01131nam a2200253Ia 4500 | ||
|---|---|---|---|
| 999 |
_c38615 _d38615 |
||
| 001 | 4795 | ||
| 003 | GE_BSU | ||
| 005 | 20190806122955.0 | ||
| 008 | 181216s2008||||ge |||||||||||||| ||geo|| | ||
| 020 | _a978994905650 | ||
| 040 | _cGE_BSU | ||
| 041 | _ageo | ||
| 080 | _a338.488.2 : 640.41 ა-20 | ||
| 100 |
_aაბულაძე, კონსტანტინე _93412 |
||
| 245 |
_aსასტუმრო ინდუსტრია და ტექნოლოგიები / _cკონსტანტინე აბულაძე ; რედ. : იური პაპასქუა, ზაურ ნაჭყებია. |
||
| 264 |
_aთბილისი : _bინოვაცია ; _c2008. |
||
| 300 |
_a195 გვ. ; _c20 სმ. |
||
| 541 | _h12ლ. | ||
| 653 | _aსასტუმრო ინდუსტრია და ტექნოლოგიები | ||
| 653 | _aსასტუმრო | ||
| 700 |
_aპაპასქუა, იური _eრედაქტორი _9564 |
||
| 700 |
_aნაჭყებია, ზაურ _eრედაქტორი _91033 |
||
| 942 |
_cBK _2udc |
||